Statistiques concernant Les 25 clubs déjà qualifiés pour la ldc 2023/24

Cliquez ici pour prendre le quiz!

Statistiques générales

  • Ce quiz a été pris 260 fois
  • Le résultat moyen est 20 sur 25

Statistiques - réponses

PaysClassementClub% Correct
Angleterre1Manchester City
99%
France1Psg/Paris
98%
Espagne1Barcelone
97%
Espagne2Réal Madrid
96%
Allemagne1Bayern
95%
Angleterre3Manchester United
95%
Angleterre2Arsenal
94%
France2Lens
94%
Italie3Inter
93%
Allemagne2Dortmund
91%
Italie4Ac Milan
90%
Italie1Naples
90%
Portugal2Porto
88%
Portugal1Benfica
87%
Espagne3Atlético Madrid
86%
Espagne12Séville
85%
Angleterre4Newcastle
83%
Allemagne3Leipzig
75%
Écosse1Celtic
69%
Espagne4Réal Sociedad
64%
Pays-Bas1Feyenoord
58%
Allemagne4Union Berlin
55%
Italie2Lazio Rome
51%
Autriche1Salzbourg
50%
Serbie1Étoile Rouge de Belgrade
29%

Distribution des résultats

Percentile par nombre de réponses

% des personnes avec chaque résultat

Votre développement - résultats

Vous n’avez pas pris ce quiz